000 00261nam a22001217a 4500
008 181105b xxu||||| |||| 00| 0 eng d
041 _aeng
080 _a710
100 _a45
101 _aART
245 _aImperial Tombs Of China
_cLei/c
942 _2udc
_cBK
999 _c51888
_d51888